00250nam a2200097Ia 4500008004100000100000900041245004100050260003700091942000700128999001700135190216s9999||||xx |||||||||||||| ||und|| aNull 0aHindi-Raveendranath Ka Bala Sahithya bKerala Sasthra Sahithya Parishad cBK c18254d18254